Úvod

Gespeichert in:
Bibliographische Detailangaben
1. Verfasser: Šoltés, Erik, 1974-
Format: Buchkapitel
Sprache:Slowakisch
Schlagworte:
Tags: Tag hinzufügen
Keine Tags, Fügen Sie das erste Tag hinzu!

MARC

LEADER 00000naa$a2200000$$$4500
001 0313300
005 20251124095754.1
041 0 |a slo 
044 |a SK 
245 1 0 |a Úvod  |c Erik Šoltés 
610 2 0 |a chudoba 
610 2 0 |a vylúčenie sociálne 
610 2 0 |a Slovensko 
610 2 0 |a kraje 
610 2 0 |a príjmy 
100 1 |a Šoltés, Erik, 1974-